| 000 | 00521nam a2200121Ia 4500 | ||
|---|---|---|---|
| 008 | 220621s9999||||xx |||||||||||||| ||und|| | ||
| 245 | 0 |
_aFiltration Materials for Groundwater _bA Guide to Good Practice |
|
| 546 | _aEnglish[eng] | ||
| 650 | _aTechnology & Engineering||Environmental||General||Science||Applied Sciences||Science||Environmental Science (see Also Chemistry||Environmental) | ||
| 700 | _aKozyatnyk, Ivan | ||
| 856 | _uhttps://library.oapen.org/bitstream/20.500.12657/43809/1/external_content.pdf | ||
| 942 | _cEB | ||
| 999 |
_c36245 _d36245 |
||